|
|
|
|
| LEADER |
00678nta a2200169 i 4500 |
| 001 |
dipl64439 |
| 005 |
20170412110140.0 |
| 008 |
170411s2016 hu om 0|| zxx d |
| 040 |
|
|
|a SZTE Diploma Repozitórium
|b hun
|
| 041 |
|
|
|a zxx
|
| 100 |
1 |
|
|a Haskó Eszter
|
| 245 |
1 |
0 |
|a Magyar vallástudósok a buddhizmusról. XIX. század vége - XX. század eleje
|h [elektronikus dokumentum] /
|c Eszter Haskó
|
| 246 |
1 |
0 |
|a Hungarian religious scholars of Buddhism
|h [elektronikus dokumentum]
|
| 260 |
|
|
|c 2016
|
| 650 |
|
4 |
|a Bölcsészettudományok
|
| 700 |
1 |
|
|a Porció Tibor
|e ths
|
| 856 |
4 |
0 |
|u http://diploma.bibl.u-szeged.hu/id/eprint/64439/2/2016_Hask%C3%B3_Eszter_HAESACB_SZE_SZ.pdf
|z Dokumentum-elérés
|